000 01533nam a2200421 c 4500
999 _c88444
_d88444
003 BLK
005 20250423132721.0
008 180408b bul|||||r ||||||| ||bul||
010 _aKNG00093108000
020 _a978-954-337-130-3
040 _aBLK
041 _aBUL
_cBUL
_hDEU
_hENG
_hFRE
_hRUS
072 7 _2bullib
_aН79
_xСпорт Н
080 _aСпорт. Физическа култура
_b796/799
_x(497.215)(091)
_z796/799(497.215)(091)
100 1 _aГанев, Богдан
_eпърви автор
_9284445
139 _aГанев, Богдан
_bГ 20
245 1 0 _aРусенският спорт
_cБогдан Ганев.
257 _aBGR
260 _bАвангард принт
_c2011
300 _a443 с.
_bс цв. ил., портр., факс.
_c24 см
380 _a79
500 _aТекст и на англ., нем., рус. и фр. ез. - Библиогр.: с. 438-439. - Именен показалец.
650 4 _aСпорт - Русе - история
_9303172
650 4 _aСпортисти, български - Русе
_9265945
651 4 _aРусе
_9179462
651 4 _aБългария
_9241624
653 _aспорт
653 _aистория
659 _aН
852 _aЦб 254690
852 _aК 796/799/Г 20 Б
856 4 _qpdf
856 4 _qpdf
942 _cKNG
_n0
_012
_s1
944 _aCR
_c26.03.2012
_lСилвия Димитрова
_k30538
944 _aED
_c12.03.2016
_lф /
_kЛюдмила_Стоянова
999 _d88444